Statistiques concernant Culture Générale - Série 165

Cliquez ici pour prendre le quiz!

Statistiques générales

  • Ce quiz a été pris 275 fois
  • Le résultat moyen est 6 sur 10

Statistiques - réponses

QuestionRéponse% Correct
Avec le lait de quel animal est fabriqué le munster ?Vache
97%
Combien y a-t-il de cavaliers sur un échiquier ?4
94%
Que désignent les 2e et 3e chiffres de notre numéro de Sécurité sociale ?Année de naissance
72%
Quelle star américaine fut révélée par la série "Le Prince de Bel-Air" ?Will Smith
72%
Selon la chanson, quelles plantes dans "les prés fleurissent, fleurissent" ?Colchiques
64%
A quelle fréquence se produit un événement biennal ?Tous les 2 ans
64%
Quel est le prénom du père d'Emmanuelle Béart ?Guy
63%
Dans quel pays se trouve la ville de Tamanrasset ?Algérie
49%
Quelle est la profession de l'héroïne de la bande dessinée "Natacha" ?Hôtesse de l'air
38%
Qui a succédé à Madame Peel dans "Chapeau melon et bottes de cuir" ?Tara King
8%

Distribution des résultats

Percentile par nombre de réponses

% des personnes avec chaque résultat

Votre développement - résultats

Vous n’avez pas pris ce quiz